000 00227nam a22000857a 4500
008 160901b xxu||||| |||| 00| 0 eng d
100 _9287
_aMohindroo K.K
245 _aEmpowering Science-X
260 _aNew Delhi
_bPPC publication
_c2011
999 _c2946
_d2946